เปลี่ยนเป็นภาษาไทย

Change to English
 แสดงรายละเอียดบรรณานุกรม
  กลับหน้าหลัก

Brief Record : Get Marc (ISO 2709) : E-mail record : QR code < ปิดหน้าต่าง
mysqli: Table './ulib62015/stat_globaluid' is marked as crashed and should be repaired
select id from stat_globaluid where statuid='20260517112455_81' 
mysqli: Table './ulib62015/stat_globaluid' is marked as crashed and should be repaired
DELETE FROM stat_globaluid
			WHERE id NOT IN (
			  SELECT id
			  FROM (
				SELECT id
				FROM stat_globaluid
				ORDER BY id DESC
				LIMIT 100
			  ) foo
			); 
mysqli: Table './ulib62015/stat_globaluid' is marked as crashed and should be repaired
insert into stat_globaluid set
		statuid='20260517112455_81',
		dt='1778991895',
		phpself='/ULIB62015/dublinfull.php',
		agent='Mozilla/5.0 AppleWebKit/537.36 (KHTML, like Gecko; compatible; ClaudeBot/1.0; +claudebot@anthropic.com)',
		yea='2026',
		mon='5',
		dat='17',
		ip='216.73.216.45'
		
		
mysqli: Table './ulib62015/stathist_viewbib_bib_type' is marked as crashed and should be repaired
insert into stathist_viewbib_bib_type set 
		dat='17' ,
		 mon='05' ,
		  yea='2026' ,
			 statuid='20260517112455_81' ,
			 head='13399122668' ,
			 foot='marc' ,
			 dt='1778991895' 
		
LEADER : 00000nam 2200000uu 4500
001    13399122668
003     ULIB
008    200530s2014||||th 000 0 eng d
020    ^a9781451118711
060 04 ^aWN18.2^bG497e 2014
100 1  ^aGiordano, Selley L.
245 10 ^aExamination review for radiography /^cSelley L. Giordano
250    ^aFirst edition
260    ^aPhiladelphia :^bLippincott Williams & Wilkins,^cc2014.
300    ^axiii, 266 pages :^billustrations ;^c28 cm.
504    ^aIncludes bibliographical references
650  2 ^aRadiograpy^xExamination questions.
650  2 ^aTechnology, Radiologic^xExamination questions.
945    ^p2470^l0^i027785
999    ^a57066
รายการนี้ยังไม่มีแท็ก
คุณยังไม่ได้ล็อกอิน คุณสามารถมีกิจกรรมร่วมกับเว็บไซต์ได้ แต่ต้องล็อกอินก่อน ::
  ล็อกอิน
  One Stop Service : ศูนย์ให้บริการแบบเบ็ดเสร็จ   จัดการหนังสือโปรด   แจ้งรายการบรรณานุกรมผิดพลาด
ลำดับที่ ประเภท เลขเรียก/บาร์โค้ด สถานที่ สถานะ
1. หนังสือ
หนังสือ
WN18.2 G497e 2014  
  Barcode: 027785
หนังสือทั่วไป บนชั้น
  ขอยืม
Note:งบประมาณปี 2563

BibComment


ยังไม่เคยถูกคอมเมนท์

คอมเมนท์ทรัพยากรรายการนี้
  คอมเมนท์: Examination revi..
Bib 13399122668

 
 
 

 Union Library Management : ULibM
Copyright 2026. All Rights Reserved.